| 000 | 01055cam a2200301 a 4500 | ||
|---|---|---|---|
| 001 | 12692010 | ||
| 003 | ARRUPE | ||
| 005 | 20160824153622.0 | ||
| 008 | 020305s2001 tnu 000 0 eng | ||
| 010 | _a 2002277318 | ||
| 020 | _a0687090784 (pbk. : alk. paper) | ||
| 035 | _a(OCoLC)ocm48050141 | ||
| 040 |
_aKPS _cKPS _dDLC |
||
| 042 | _alccopycat | ||
| 050 | 0 | 0 |
_aBS2725.52 _b.D47 2001 |
| 100 | 1 |
_aDeSilva, David Arthur. _925494 |
|
| 245 | 1 | 0 |
_aPaul and the Macedonians / _cDavid A. deSilva. |
| 246 | 3 | 0 | _aLife and letters of Paul |
| 260 |
_aNashville, TN : _bAbingdon, _cc2001. |
||
| 300 |
_a108 p.; _c 23 cm. |
||
| 440 | 4 |
_aThe life and letters of Paul _925495 |
|
| 500 | _aExplores the letters of Paul to the Thessalonians and the Philippians. | ||
| 630 | 0 | 0 |
_aBible. _pThessalonians _xCriticism, interpretation, etc. _925496 |
| 630 | 0 | 0 |
_aBible. _pPhilippians _xCriticism, interpretation, etc. _925497 |
| 906 |
_a7 _bcbc _ccopycat _d3 _encip _f20 _gy-gencatlg |
||
| 942 |
_2lcc _cMONOGRAPH |
||
| 999 |
_c125140 _d125140 |
||